000 00715nam a2200241Ia 4500
003 OSt
005 20220107122747.0
008 130318s9999 xx 000 0 und d
020 _a9781420067668
040 _cIIITM-K
082 _a005.276 WAN/G
245 _aGrid computing:
_bInfrastructure, service and applications
_cedited by Lizhe Wang; Wei Jie; Jinjun Chen
260 _bCRC Press,
_aBoca Raton,
_c2012.
300 _axv, 512p.
650 _aCOMPUTER SCIENCE
_95376
650 _aCOMPUTER ARCHITECTURE
_95377
650 _aDISTRIBUTED COMPUTING
_95378
650 _aGRID COMPUTING
_95379
700 _aWang, Lizhe
_95380
700 _aJie, Wei
_95381
700 _aChen, Jinjun
_95382
942 _2ddc
_cBK
999 _c4225
_d4225